000 00318nam a2200133Ia 4500
008 260604s9999 xx 000 0 und d
020 _a9781032161723
082 _a302 HAM
100 _aHAMILTON [CHERYL]
_935497
245 0 _aCOMMUNICATING FOR SUCCESS
260 _bROUTLEDGE
500 _aCommunication
942 _cBK
999 _c8318
_d8318